000 01412namaa22003251i 4500
005 20260301113919.0
008 260209s1995 ua a|||frm||| 000 0 eng d
040 _aEG-GICUC
_beng
_cEG-GICUC
_dEG-GICUC
_erda
041 0 _aeng
_beng
_bara
049 _aDeposit
097 _aPh.D
099 _aCai01.12.15.Ph.D.1995.Ma.G
100 0 _aMansour Abbas Eid,
_epreparation.
245 1 0 _aGeological and sedimentological studies of the cretaceous rocks east central Sinai Egypt /
_cBy Mansour Abbas Eid; Supervised By Prof. Dr. A. M. Abdallah, Prof. Dr. Dr. M. A. Khalifa, Dr. A. A. Dardir
246 1 5 _aدراسات و جيولوجية و رسوبية لصخور العصر الطباشيرى فى وسط و شرق سيناء - مصر
264 0 _c1995.
300 _a261 Leaves :
_billustrations ;
_c30 cm. +
336 _2rda content
_atext
337 _2rdamedia
_aUnmediated
338 _2rdacarrier
_avolume
502 _aThesis (Ph.D)-Cairo University, 1995.
504 _aBibliography: pages 245-261
653 0 _aGeology
_aCretaceous rocks-centeral sinai- egypt
700 0 _aA. M. Abdallah
_ethesis advisor.
700 0 _aM. A. Khalifa
_ethesis advisor.
700 0 _aA. A. Dardir
_ethesis advisor.
900 _DDepartment of Geology
_FFaculty of Science
_UCairo University
_b1995
_cA. M. Abdallah
_cM. A. Khalifa
_cA. A. Dardir
905 _aNermeen-A
_eNourhan
942 _2ddc
_cTH
_e21
_n0
999 _c178288